书目信息 |
| 题名: |
秋窗骋思录
|
|
| 作者: | 毛承志 著 | |
| 分册: | ||
| 出版信息: | 石家庄 河北教育出版社 1998.07 |
|
| 页数: | 323页 | |
| 开本: | 20cm | |
| 丛书名: | 学者评论家近作文丛 | |
| 单 册: | ||
| 中图分类: | I206.7 | |
| 科图分类: | ||
| 主题词: | 文学评论--wen xue ping lun--中国--现代--文集 | |
| 电子资源: | ||
| ISBN: | 7-5434-3252-8 | |
| 000 | 00834nam 2200241 450 | |
| 001 | 012007526514 | |
| 005 | 20080825112545.67 | |
| 010 | @a7-5434-3252-8@dCNY15.60 | |
| 100 | @a20071224d1998 km y0chiy0120 ea | |
| 101 | 0 | @achi |
| 102 | @aCN@b130000 | |
| 105 | @ay z 000yy | |
| 200 | 1 | @a秋窗骋思录@Aqiu chuang cheng si lu@f毛承志著@Fmao cheng zhi zhu |
| 210 | @a石家庄@c河北教育出版社@d1998.07 | |
| 215 | @a323页@d20cm | |
| 225 | 2 | @a学者评论家近作文丛@Axue zhe ping lun jia jin zuo wen cong |
| 330 | @a对文学作品的评论,可以说跟文学作品的创作一样久远。因为作品是供人欣赏的,总得有读者或观众与听众。 | |
| 410 | 0 | @12001 @a学者评论家近作文丛 |
| 606 | 0 | @a文学评论@Awen xue ping lun@y中国@z现代@j文集 |
| 690 | @aI206.7@v4 | |
| 701 | 0 | @a毛承志@Amao cheng zhi@4著 |
| 801 | 0 | @aCN@bRULIN@c20080825 |
| 905 | @aZUCC@dI206.7@eM337 | |
| 秋窗骋思录/毛承志著.-石家庄:河北教育出版社,1998.07 |
| 323页;20cm.-(学者评论家近作文丛) |
| ISBN 7-5434-3252-8:CNY15.60 |
| 对文学作品的评论,可以说跟文学作品的创作一样久远。因为作品是供人欣赏的,总得有读者或观众与听众。 |
| ● |
| 相关链接 |
|
|
|
正题名:秋窗骋思录
索取号:I206.7/M337
 
预约/预借
| 序号 | 登录号 | 条形码 | 馆藏地/架位号 | 状态 | 备注 |
| 1 | 715559 | 207155594 | 社科二线422/422社科库 23排2列4层/ [索取号:I206.7/M337] | 在馆 | |
| 2 | 715560 | 207155601 | 社科二线422/422社科库 23排2列4层/ [索取号:I206.7/M337] | 在馆 |